The rich man in his castle, the poor man at his gate? (Record no. 74057)

MARC details
000 -LEADER
fixed length control field 01312cab a2200277 4500
001 - CONTROL NUMBER
control field ABS67327
008 - FIXED-LENGTH DATA ELEMENTS--GENERAL INFORMATION
fixed length control field 040109n2003 000 0 eng u
035 ## - SYSTEM CONTROL NUMBER
System control number (Sirsi) u124810
100 ## - MAIN ENTRY--PERSONAL NAME
Personal name Jones, P.
245 #4 - TITLE STATEMENT
Title The rich man in his castle, the poor man at his gate?
260 ## - PUBLICATION, DISTRIBUTION, ETC.
Date of publication, distribution, etc. 2003
490 ## - SERIES STATEMENT
Series statement Town & Country Planning
Volume/sequential designation 72(10)November 2003, 324-326(3)
520 ## - SUMMARY, ETC.
Summary, etc. Examines a perceived conflict between the government commitment to sustainable communities and the increasing development of private gated communities. Gives examples of gated communities throughout America and in the United Kingdom and anticipates their continuing growth citing factors such as security, safety and privacy as key elements in their popularity. The article also notes the absence of any formal guidance from central government on gated communities and few, if any, policies from local authorities but draws no firm conclusions on the long-term impact of gated communities
590 ## - LOCAL NOTE (RLIN)
Local note ABS
650 ## - SUBJECT ADDED ENTRY--TOPICAL TERM
Topical term or geographic name entry element GATED COMMUNITIES
650 ## - SUBJECT ADDED ENTRY--TOPICAL TERM
Topical term or geographic name entry element SUSTAINABLE COMMUNITIES
650 ## - SUBJECT ADDED ENTRY--TOPICAL TERM
Topical term or geographic name entry element SECURITY
650 ## - SUBJECT ADDED ENTRY--TOPICAL TERM
Topical term or geographic name entry element SAFETY
650 ## - SUBJECT ADDED ENTRY--TOPICAL TERM
Topical term or geographic name entry element PRIVACY
650 ## - SUBJECT ADDED ENTRY--TOPICAL TERM
Topical term or geographic name entry element SUSTAINABLE DEVELOPMENT
650 ## - SUBJECT ADDED ENTRY--TOPICAL TERM
Topical term or geographic name entry element UNITED STATES
690 ## - LOCAL SUBJECT ADDED ENTRY--TOPICAL TERM (OCLC, RLIN)
Topical term or geographic name as entry element PROPERTY-PROPERTY DEVELOPMENT
700 ## - ADDED ENTRY--PERSONAL NAME
Personal name Hillier, D.
700 ## - ADDED ENTRY--PERSONAL NAME
Personal name Comfort, D.
942 ## - ADDED ENTRY ELEMENTS (KOHA)
Suppress in OPAC 0
Holdings
Withdrawn status Lost status Source of classification or shelving scheme Damaged status Not for loan Home library Current library Shelving location Date acquired Total Checkouts Full call number Barcode Date last seen Copy number Price effective from Koha item type
    Dewey Decimal Classification     London London Journal article 09/01/2004   ABS67327 124810-1001 06/08/2019 1 06/08/2019 Journal article